Statistics for English Premier League Top Goalscorers (2014-2015)

Click here to take the quiz!

General Stats

  • This quiz has been taken 216 times
  • The average score is 12 of 20

Answer Stats

HintAnswer% Correct
Manchester United12Wayne Rooney
93%
Manchester City26Sergio Aguero
92%
Chelsea20Diego Costa
91%
Tottenham Hotspur21Harry Kane
90%
Arsenal16Alexis Sanchez
84%
Aston Villa13Christian Benteke
84%
Everton10Romelu Lukaku
81%
Queens Park Rangers18Charlie Austin
70%
Liverpool9Steven Gerrard
64%
Southampton12Graziano Pelle
60%
Burnley11Danny Ings
58%
Newcastle11Papiss Demba Cisse
58%
Swansea City9Wilfried Bony and Bafetimbi Gomis
54%
Leicester City11Leonardo Ulloa
45%
West Brom14Saido Berahino
42%
West Ham10Diafra Sakho
32%
Sunderland5Steven Fletcher and Connor Wickham
32%
Stoke City11Mame Biram Diouf
27%
Hull City8Nikica Jelavic
27%
Crystal Palace7Glenn Murray
25%

Score Distribution

Percentile by Number Answered

Percent of People with Each Score

Your Score History

You have not taken this quiz